Les 10 sports les plus chères - Statistiques

Statistiques générales
  • Ce quiz a été pris 2 906 fois
  • Le résultat moyen est 4 sur 10
Statistiques - réponses
Prix par an Sport % Correct
700 Equitation
85%
2700 Golf
79%
600 Tennis
73%
1300 Hockey
48%
850 Ski
33%
650 Escalade
20%
2100 Polo
18%
1000 Plongée
11%
500 Tir à l'arc
9%
2500 Squash
7%
Aucun quiz correspondant
Distribution des résultats
% des personnes avec chaque résultat
Percentile par nombre de réponses
Votre historique - résultats
Vous n’avez pas pris ce quiz